000 00698nam a2200253Ia 4500
003 OSt
005 20220925224248.0
006 a|||||r|||| 00| 0
007 ta
008 220923b |||||||| |||| 00| 0 eng d
020 _a0710096259
037 _cGeneral Book
040 _aRTL
_cRTL
_beng
041 _2eng
_aeng
082 _aX0gY, M4
100 _aForder anthony and others
_9291032
245 0 _aTheories of welfare
260 _aLondon
_bRoutledge & Kegan Paul
_c1984
300 _a266p
_ccm.
500 _aBibliography chapterwise
650 _aEconomics IRT Sociology
942 _hX0gY, M4
_cGB
_2CC
999 _c581197
_d581197